Central Library OPAC University of Rajshahi

Case problems in business management / (Record no. 14866)

MARC details
000 -LEADER
fixed length control field 00778cam a22002651 4500
001 - CONTROL NUMBER
control field 14866
003 - CONTROL NUMBER IDENTIFIER
rucl marc code BD-RjUL
005 - DATE AND TIME OF LATEST TRANSACTION
control field 20211208235715.0
008 - FIXED-LENGTH DATA ELEMENTS--GENERAL INFORMATION
fixed length control field 140208s1962 ii 000 0 eng
035 ## - SYSTEM CONTROL NUMBER
System control number (BD-RjUL)14920
System control number (OCoLC)5272203
040 ## - CATALOGING SOURCE
Original cataloging agency DLC
Transcribing agency TxBeaL
Modifying agency BD-RjUL
Language of cataloging eng
041 ## - LANGUAGE CODE
Language code of text/sound track or separate title eng
082 00 - DEWEY DECIMAL CLASSIFICATION NUMBER
Classification number 658
Author mark and year MUC 1962
Edition number 23
100 1# - MAIN ENTRY--PERSONAL NAME
Personal name Murty, Varanasy S.
9 (RLIN) 46273
245 10 - TITLE STATEMENT
Title Case problems in business management /
Statement of responsibility, etc. Varanasy S. Murty.
260 ## - PUBLICATION, DISTRIBUTION, ETC. (IMPRINT)
Place of publication, distribution, etc. New Delhi :
Name of publisher, distributor, etc. Asia Pub. House,
Date of publication, distribution, etc. c1962.
300 ## - PHYSICAL DESCRIPTION
Pagination 304 p. :
Size 23 cm.
Illustrations ills. ;
504 ## - BIBLIOGRAPHY, ETC. NOTE
Bibliography, etc Includes bibliography.
650 #0 - SUBJECT ADDED ENTRY--TOPICAL TERM
Topical term or geographic name as entry element Industrial management
Form subdivision Case studies.
9 (RLIN) 46274
Topical term or geographic name as entry element Industrial management
Geographic subdivision India.
9 (RLIN) 45944
942 ## - ADDED ENTRY ELEMENTS (KOHA)
Source of classification or shelving scheme Dewey Decimal Classification
Koha item type Books
Holdings
Lost status Source of classification or shelving scheme Damaged status Not for loan Collection code Permanent Location Current Location Shelving location Date acquired Source of acquisition Cost, normal purchase price Total Checkouts Full call number Date last seen Copy number Koha item type
  Dewey Decimal Classification     Non-fiction Central Library, University of Rajshahi Central Library, University of Rajshahi   23/01/1967 Book Centre 18.75   658 MUC 1962 08/02/2014 C-2 Books
  Dewey Decimal Classification   Not For Loan Non-fiction Central Library, University of Rajshahi Central Library, University of Rajshahi Reading Room 23/01/1967 Dhaka , book centre 18.75   658 MUC 1962 26/12/2019 C-1 Books